solation and characterization of bacteriophages and their potential to control bacterial biofilm/ (Record no. 330435)
[ view plain ]
| 000 -LEADER | |
|---|---|
| fixed length control field | 00636nam a22001937a 4500 |
| 003 - CONTROL NUMBER IDENTIFIER | |
| control field | ASAB |
| 005 - DATE AND TIME OF LATEST TRANSACTION | |
| control field | 20240701151746.0 |
| 008 - FIXED-LENGTH DATA ELEMENTS--GENERAL INFORMATION | |
| fixed length control field | 170712b xxu||||| |||| 00| 0 eng d |
| 038 ## - RECORD CONTENT LICENSOR | |
| Staff Name | Nusrat Nadeem |
| 040 ## - CATALOGING SOURCE | |
| Transcribing agency | ASAB |
| 082 ## - DEWEY DECIMAL CLASSIFICATION NUMBER | |
| Classification number | 200 |
| 100 ## - MAIN ENTRY--PERSONAL NAME | |
| Personal name | Muhsin Jamal |
| 9 (RLIN) | 123936 |
| 245 ## - TITLE STATEMENT | |
| Title | solation and characterization of bacteriophages and their potential to control bacterial biofilm/ |
| Statement of responsibility, etc. | Muhsin Jamal-sup-Dr. Saadia Andleeb |
| 300 ## - PHYSICAL DESCRIPTION | |
| Extent | 177 P |
| 600 ## - SUBJECT ADDED ENTRY--PERSONAL NAME | |
| General subdivision | PhD-Industrial Biotechnology |
| 9 (RLIN) | 123937 |
| 700 ## - ADDED ENTRY--PERSONAL NAME | |
| Personal name | Supervisor:Dr.Sadia Andleeb |
| 9 (RLIN) | 123909 |
| 856 ## - ELECTRONIC LOCATION AND ACCESS | |
| Uniform Resource Identifier | <a href=" http://10.250.8.41:8080/xmlui/handle/123456789/25441"> http://10.250.8.41:8080/xmlui/handle/123456789/25441</a> |
| 942 ## - ADDED ENTRY ELEMENTS (KOHA) | |
| Source of classification or shelving scheme | |
| Koha item type | Soft Copy |
| Withdrawn status | Lost status | Source of classification or shelving scheme | Damaged status | Not for loan | Collection code | Permanent Location | Current Location | Date acquired | Total Checkouts | Full call number | Barcode | Date last seen | Price effective from | Koha item type | Shelving location |
|---|---|---|---|---|---|---|---|---|---|---|---|---|---|---|---|
| Atta-ur-Rahman School of Applied Biosciences (ASAB) | Atta-ur-Rahman School of Applied Biosciences (ASAB) | 07/12/2017 | Thesis 2015 MJ | ASABPHD15 | 01/15/2018 | 07/12/2017 | Thesis | ||||||||
| Central Library (CL) | Central Library (CL) | 08/24/2019 | 200 | CLPT-356 | 08/24/2019 | 08/24/2019 | Soft Copy | Thesis |
